000 00645nam a2200193Ia 4500
008 151119s9999||||xx |||||||||||||| ||und||
082 _a891.46308मिरास/भुताच्या
082 _bGKKV32389
100 _aमिरासदार द मा
245 _aभुताचा जन्म
260 _aपुणे
260 _bमेहता पब्लीशिग हाउस
260 _c2013
600 _aमिरासदार द मा
630 _aभुताचा जन्म
700 _aमिरासदार द मा
730 _aभुताचा जन्म
942 _cBOOK
999 _c1084693
_d1084690